000
00304nam a2200121Ia 4500
008
191201s2016 xx 000 0 und d
100
_a
SUKHIJA, MS
245
0
_a
Circuits and Networks Analysis Design and Synthesis
260
_b
Oxford
_c
2016
300
_a
1000
650
_a
B.Tech(ECE)
942
_2
ddc
_c
BK
999
_c
7081
_d
7081